000 00686nam a2200181 i 4500
001 37473
003 ES-MaACL
005 20230906155600.0
007 t|
008 030304q1950 fr |||| | fre d
100 1 _aFauconney, Jean.
_948943
245 1 0 _aPervertidos sexuales, la tragedia del tercer sexo
_b: homosexuales, sadistas, masoquistas, vampiros, la perversión sexual de nuestra época, necrofilia /
_cDoctor A. Caufenyon [anag.] ; traducción de Luis de Arévalo.
260 _aBarcelona :
_b[s.n.,
_cca. 1950] (
_fImp. Ideal)
300 _a195 p. ;
_c22 cm.
650 _aPerversiones sexuales.
_9166424
700 1 _aArévalo, Luis de.
_922657
852 _aES-MaACL
_jE-473
999 _c37473
_d37473